000 00329nam a2200145Ia 4500
008 230917s9999||||xx |||||||||||||| ||und||
040 _e74873
_aMAIN
041 _aEnglish
082 _a380 O2B
100 _aOwen, W
245 0 _aBackground to business
260 _aLondon
_bLongman
_c1979
300 _a127 p.
942 _cBK
999 _c210874
_d210874